| 000 | 00747nam a2200217Ia 4500 | ||
|---|---|---|---|
| 003 | GCL | ||
| 008 | 140319s9999 xx 000 0 ara d | ||
| 040 |
_aGCL / _cGCL |
||
| 082 | 0 | 4 |
_a219.7 _bم ر |
| 100 | 1 | _aمحمد ابراهيم الفيومى | |
| 245 | 1 | 0 |
_aرسالة فى الحوار الفكرى بين العرب والحضارة / _cمحمد ابراهيم الفيومى |
| 260 |
_a[S.N] : _bمكتبة الانجلوالمصرية |
||
| 300 | _a269 ص | ||
| 490 | _a | ||
| 650 | 0 | 4 | _aالعالم العربى |
| 650 | 0 | 4 | _aالحضارة العربية الاسلامية - المعارف البحرية |
| 650 | 0 | 4 | _aالاسلام |
| 650 | 0 | 4 | _aالمجتمع |
| 650 | 0 | 4 | _aالحضارة والعرب |
| 942 |
_2ddc _cBK |
||
| 999 |
_c32850 _d32850 |
||